000 00931nam a22003017a 4500
001 BR7303383
003 BR-BrBNA
005 20230928083950.0
007 ta
008 230509b bl.||||| |||| 00| 0 por d
040 _aBR-BrBNA
_bpor
_cBiblioteca Nacional de Agricultura
041 _a(Por)
072 _aK10; F00; E10
_b2110
_b2480
_b/G514
090 _ 2110 BR7303383
100 1 _aSantos, E.M. dos
110 1 _aComissao Executiva do Plano de Recuperacao Economico-Rural da Lavoura Cacaueira, Ilheus, BA (Brasil)
_92138
245 1 _aPossibilidade de reflorestamento com cacaueiro e seringueira [Brasil]
260 3 _aIlheus, BA (Brasil):
_c[nd].
300 _a16 p.
500 _aNumerical data; Published after 1973; 6 ref.
650 _aCACAU
650 _aSERINGUEIRA
650 _aREFLORESTAMENTO
650 _aINVESTIMENTO
650 _aORCAMENTO
909 _a202309
_bLucia
_c55
_dLucia Elande
942 _cBK
999 _c16051
_d16051